U.S. States by Venezuelan Population - Statistics

General Stats
  • This quiz has been taken 30 times
  • The average score is 9 of 10
Answer Stats
Hint Answer % Correct
29,345 (0.1% of state population) California
100%
380,972 (1.7% of state population) Florida
100%
122,038 (0.4% of state population) Texas
100%
28,590 (0.2% of state population) New York
96%
33,227 (0.3% of state population) Georgia
92%
15,566 (0.2% of state population) New Jersey
88%
16,730 (0.1% of state population) Illinois
85%
18,389 (0.2% of state population) North Carolina
85%
18,326 (0.5% of state population) Utah
65%
12,931 (0.1% of state population) Pennsylvania
58%
No matching quizzes found
Score Distribution
Percent of People with Each Score
Percentile by Number Answered
Your Score History
You have not taken this quiz